| 000 | 01062nam a2200313 a 4500 | ||
|---|---|---|---|
| 001 | 000031116 | ||
| 003 | DO-SdBNP | ||
| 005 | 20220630132146.0 | ||
| 007 | 000031116 | ||
| 008 | 110613s2008 dr a 000 0 spa d | ||
| 020 | _a9945130617 | ||
| 040 |
_aBPMSU _bspa _cBPMSU |
||
| 049 | _a | ||
| 082 |
_aRD863.44 _bC355m 2008 _222 |
||
| 100 | 1 | _aCastro Burdiez, Tomás | |
| 245 | 1 | 0 |
_aMemorias de Caperucita, Las bodas de Caperucita / _cTomás Castro Burdiez, Marcio Veloz Maggiolo. _b |
| 246 | 1 | 4 | _aCaperucita de ida y vuelta |
| 260 |
_aSanto Domingo : _bFundación Educarte, _c2008. |
||
| 300 |
_a85, 50 p. : _bil. ; _c22 cm. |
||
| 501 | _aPublicado con: Caperucita de ida y vuelta | ||
| 563 | _aDos obras encuadernada juntas con paginación invertida | ||
| 590 | _6Inventariado,2022/VM | ||
| 650 | 4 | _aCuentos infantiles dominicanos | |
| 650 | 4 | _aLiteratura infantil dominicana | |
| 700 | 1 |
_aVeloz Maggiolo, Marcio _tLas bodas de Caperucita |
|
| 910 | _aVMateo V. | ||
| 942 |
_2ddc _cBK |
||
| 945 | _aInventariado infantil / 2017 VM | ||
| 999 |
_c7244 _d7244 |
||